000
00199 a2200097 4500
001
3962
100
_a
Rice,H.S
245
_a
Technical mathematics
260
_a
_b
Mcgrawhill
_c
090
_c
3191
_d
3191
942
_a
NUST-CAE
_c
M
_c
24347
999
_c
239035
_d
239035